000 00550nam a2200193Ia 4500
005 20250423101750.0
008 250422s9999 xx 000 0 und d
020 _a9780375424472
050 _aQM 26 .S58/
100 _aShubin, Neil.
245 0 _aYour inner fish : a journey into the 3.5-billion-year history of the human body / Neil Shubin.
250 _a1st ed.
260 _aNew York
260 _bPantheon
260 _c2008
300 _a230 p
650 _aHuman anatomy--Popular works. Human evolution--Popular works.
942 _cBK
999 _c37214
_d37214